| 000 | 00623cam a2200205 a 4500 | ||
|---|---|---|---|
| 001 | 000010017 | ||
| 005 | 20200929161814.0 | ||
| 008 | 790813s1977 pr 000 p spa | ||
| 035 | _a(DLC) 79367780 | ||
| 040 |
_aDO-SdBNP _cDLC _dDLC |
||
| 082 |
_a861.64 _bM433L |
||
| 100 | 1 |
_aMatos Paoli, Francisco, _d1915-2000. _99173 |
|
| 245 | 1 | 0 |
_aLoor del espacio / _cFrancisco Matos Paoli. |
| 260 |
_aHato Rey : _bRamallo Bros, _c1977. |
||
| 300 |
_a146 p. ; _c23 cm. |
||
| 650 | 4 |
_aPoesía puertorriqueña _91015 |
|
| 650 | 4 |
_aLiteratura puertorriqueña _ySIGLO XX _95311 |
|
| 910 | _aCatalogación por copia / LC | ||
| 049 | _aBNGR | ||
| 999 |
_c9776 _d9776 |
||